[Event "Klatovy op-B 24th"]
[Site "Klatovy"]
[Date "2018.06.30"]
[Round "1"]
[White "Jirasek, Jiri"]
[Black "Tomascik, Petr"]
[Result "1-0"]
[WhiteElo "1903"]
[BlackElo "1427"]
[PlyCount "41"]
[EventDate "2018.06.30"]
[EventType "swiss"]
[EventRounds "9"]
[EventCountry "CZE"]
[SourceTitle "CBM 185 Extra"]
[Source "ChessBase"]
[SourceDate "2018.07.29"]
[SourceVersion "1"]
[SourceVersionDate "2018.07.29"]
[SourceQuality "1"]

1. e4 c5 2. Nf3 Nc6 3. d4 cxd4 4. Nxd4 d6 5. Nc3 Bd7 6. Be3 g6 7. Qd2 Bg7 8. 0-0-0 a6 9. Kb1 Rc8 10. f3 Ne5 11. g4 Nc4 12. Bxc4 Rxc4 13. h4 Rc8 14. h5 Bc6 15. hxg6 fxg6 16. Ne6 Bxc3 17. Qxc3 Bxe4 18. Qxh8 Bxc2+ 19. Ka1 Qa5 20. Rxd6 Bb3 21. Qxg8# 1-0

[Event "Klatovy op-B 23rd"]
[Site "Klatovy"]
[Date "2017.07.07"]
[Round "7"]
[White "Nagyova, Daniela"]
[Black "Tomascik, Petr"]
[Result "1-0"]
[WhiteElo "1164"]
[BlackElo "1474"]
[PlyCount "84"]
[EventDate "2017.07.01"]
[EventType "swiss"]
[EventRounds "9"]
[EventCountry "CZE"]
[SourceTitle "EXT 2018"]
[Source "ChessBase"]
[SourceDate "2017.10.13"]
[SourceVersion "1"]
[SourceVersionDate "2017.10.13"]
[SourceQuality "1"]

1. e4 Nc6 2. Nf3 g6 3. d4 e6 4. c4 Bg7 5. Nc3 d6 6. g3 Nge7 7. Bg2 Rb8 8. Be3 a6 9. Qd2 h5 10. Ng5 b5 11. cxb5 axb5 12. a3 Bd7 13. 0-0 Na5 14. Qe2 c6 15. Qf3 f5 16. exf5 exf5 17. Nce4 Nb7 18. Rfe1 0-0 19. Nc3 d5 20. Nh3 Nd6 21. Bg5 Ne4 22. Nxe4 fxe4 23. Qe3 Bxh3 24. Bxh3 Rb7 25. Bh6 Nf5 26. Bxf5 Rxf5 27. Bxg7 Kxg7 28. h3 Rf3 29. Qc1 Qd6 30. Re3 Rbf7 31. Rxf3 Rxf3 32. a4 b4 33. a5 Qd7 34. Kg2 Qf7 35. a6 Qa7 36. Qxc6 Rf7 37. Qxd5 Re7 38. Qc5 e3 39. fxe3 Qa8+ 40. d5 Rd7 41. e4 Rf7 42. a7 Qf8 1-0

[Event "Klatovy op-B 23rd"]
[Site "Klatovy"]
[Date "2017.07.06"]
[Round "6"]
[White "Tomascik, Petr"]
[Black "Skalny, Petr"]
[Result "0-1"]
[WhiteElo "1474"]
[BlackElo "1767"]
[PlyCount "53"]
[EventDate "2017.07.01"]
[EventType "swiss"]
[EventRounds "9"]
[EventCountry "CZE"]
[SourceTitle "EXT 2018"]
[Source "ChessBase"]
[SourceDate "2017.10.13"]
[SourceVersion "1"]
[SourceVersionDate "2017.10.13"]
[SourceQuality "1"]

1. d4 Nf6 2. c4 e6 3. Nc3 d5 4. cxd5 exd5 5. Nf3 c6 6. e3 Bg4 7. Be2 Bd6 8. h3 Bh5 9. a3 0-0 10. b4 Nbd7 11. Bb2 Nb6 12. Nd2 Bg6 13. Bf3 Re8 14. 0-0 Rc8 15. Bg4 Rc7 16. Qf3 Rce7 17. Rae1 Bd3 18. Ne2 Ne4 19. Qf5 g6 20. Nxe4 gxf5 21. Nf6+ Kh8 22. Nxe8 Rxe8 23. Bh5 Nc4 24. Bc1 Rg8 25. f4 Qh4 26. Bf3 Qxh3 27. Rf2 0-1

[Event "Klatovy op-B 22nd"]
[Site "Klatovy"]
[Date "2016.07.02"]
[Round "1"]
[White "Tomascik, Petr"]
[Black "Pravda, Krystof"]
[Result "0-1"]
[WhiteElo "1484"]
[BlackElo "1669"]
[PlyCount "64"]
[EventDate "2016.07.02"]
[EventType "swiss"]
[EventRounds "9"]
[EventCountry "CZE"]
[SourceTitle "EXT 2019"]
[Source "ChessBase"]
[SourceDate "2018.10.10"]
[SourceVersion "1"]
[SourceVersionDate "2018.10.10"]
[SourceQuality "1"]

1. d4 d5 2. c4 e6 3. cxd5 exd5 4. Nc3 Nf6 5. Nf3 Be7 6. e3 0-0 7. Bd2 Ne4 8. Qc2 Bf5 9. Bd3 Nxd2 10. Nxd2 Be6 11. Bxh7+ Kh8 12. Bd3 c5 13. Nf3 Nc6 14. a3 f5 15. dxc5 Bxc5 16. Ne2 Qa5+ 17. Qd2 Bb4 18. Nc3 f4 19. 0-0 fxe3 20. Qxe3 Bxc3 21. Qxe6 Rf6 22. Qg4 Bxb2 23. Rad1 Qxa3 24. Ng5 Ne5 25. Qh5+ Rh6 26. Nf7+ Nxf7 27. Qxf7 Qd6 28. g3 b6 29. Be4 Rf8 30. Qxa7 d4 31. Bd3 Qe6 32. Rfe1 Qh3 0-1